Комментарий к Гражданскому процессуальному кодексу Российской Федерации: постатейный

Bibliografiske detaljer
Institution som forfatter: Российская академия правосудия
Andre forfattere: Жилин Г. А. (редактор)
Summary:Исключено из фонда НТБ ТПУ
Sprog:russisk
Udgivet: Москва, Проспект, 2008
Udgivelse:4-е изд., перераб. и доп.
Format: MixedMaterials Bog
KOHA link:https://koha.lib.tpu.ru/cgi-bin/koha/opac-detail.pl?biblionumber=127878

MARC

LEADER 00000nam0a2200000 4500
001 127878
005 20231031132413.0
010 |a 9785482018286 
035 |a (RuTPU)RU\TPU\book\138329 
090 |a 127878 
100 |a 20071221d2008 k y0rusy50 ca 
101 0 |a rus 
102 |a RU 
105 |a y n 001zy 
200 1 |a Комментарий к Гражданскому процессуальному кодексу Российской Федерации: постатейный  |f Российская академия правосудия ; отв. ред. Г. А. Жилин 
205 |a 4-е изд., перераб. и доп. 
210 |a Москва  |c Проспект  |d 2008 
215 |a 874 с. 
333 |a Исключено из фонда НТБ ТПУ 
702 1 |a Жилин  |b Г. А.  |4 340 
712 0 2 |a Российская академия правосудия 
801 1 |a RU  |b 63413507  |c 20071221  |g PSBO 
801 2 |a RU  |b 63413507  |c 20220621  |g PSBO 
942 |c BK 
959 |a 95/20071218  |d 1  |e 249,90  |f ЧЗСБО:1